000 00727nam a2200253Ia 4500
003 OSt
005 20220927111250.0
006 a|||||r|||| 00| 0
007 ta
008 220926b |||||||| |||| 00| 0 eng d
024 _a92279
037 _cReports
040 _aRTL
_cRTL
_beng
041 _2eng
_aeng
082 _a"X9(D35):2.2.N8, M1.1-.3"
111 _aAll India Seminar on Cement Manufacture (1981 : Delhi India)
_9381783
245 0 _aPapers
260 _aNew
_bDelhi India
_c1981
300 _a745p.
_ccm.
490 _aCement Research Institute of India
650 _aCement Industry
942 _h"X9(D35):2.2.N8, M1.1-.3"
_cCC
999 _c698914
_d698914